Stonewall /

সংরক্ষণ করুন:
গ্রন্থ-পঞ্জীর বিবরন
প্রধান লেখক: Duberman, Martin Bauml (লেখক)
বিন্যাস: গ্রন্থ
ভাষা:ইংরেজি
প্রকাশিত: New York : Plume, [1994]
ট্যাগগুলো: ট্যাগ যুক্ত করুন
কোনো ট্যাগ নেই, প্রথমজন হিসাবে ট্যাগ করুন!

MARC

LEADER 00000nam a22000007i 4500
001 IT\ICCU\UBO\2236232
003 ItRI
005 20260115231818.0
008 030701s1994 xxu|||||| ||||| |||||c
020 |a 0452272068 
040 |b ita  |c importazione bologna sebina 
041 7 |a eng  |2 ISO-639-2 
100 1 |a Duberman, Martin Bauml  |0 IT\ICCU\BVEV\105951  |4 aut 
245 1 0 |a Stonewall /  |c Martin Duberman. 
260 |a New York :  |b Plume,  |c [1994] 
300 |a XXII, 330 p., [8] c. di tav. :  |b ill. ;  |c 23 cm. 
942 |2 ddc  |c BK  |n 0 
952 |0 0  |1 0  |4 0  |6 DOC_305_906000000000000_DUB  |7 0  |9 13257  |a BO  |b BO  |d 2026-01-15  |i 4917  |l 0  |o DOC 305.906 DUB  |p BO4917  |r 2026-01-15 23:18:18  |w 2026-01-15  |x [Sebina 5] [1 v.]  |y BK  |z 1 v. 
999 |c 11379  |d 11379